00401nam a2200157Ia 45000010006000000050017000060080041000230410008000640820015000721000031000872450072001182600009001903000028001996500008002276540008002351992920260306172728.0260306t2017||||xx |||||||||||||| ||spa|| aESP a341.4bS63 aAguiló Regla, JosepeAUT 0aSobre el razonamiento judicial:buna discusión con Manuel Atienza c2017 a465 páginas :c21 cm. aGEN aCDE